| Tag |
First Indicator |
Second Indicator |
Subfields |
| LEADER |
00000cam a22000005i 4500 |
| 001 |
in00003727770 |
| 005 |
20210728130052.0 |
| 006 |
m o d |
| 007 |
cr nn 008mamaa |
| 008 |
151228s2008 xxu| o |||| 0|eng d |
| 020 |
|
|
|a 9780230611214
|9 978-0-230-61121-4
|
| 024 |
7 |
|
|a 10.1057/9780230611214
|2 doi
|
| 035 |
|
|
|a (DE-He213)978-0-230-61121-4
|
| 035 |
|
|
|a 5309084
|
| 040 |
|
|
|d UtOrBLW
|
| 043 |
|
|
|a n------
|a n-us---
|
| 072 |
|
7 |
|a HBG
|2 bicssc
|
| 072 |
|
7 |
|a HIS037000
|2 bisacsh
|
| 082 |
0 |
4 |
|a 909
|2 23
|
| 090 |
|
|
|a F73.5
|b R466 2008
|
| 100 |
1 |
|
|a Rennella, Mark,
|e author.
|0 http://id.loc.gov/authorities/names/n2007061760
|
| 245 |
1 |
4 |
|a The Boston Cosmopolitans :
|b International Travel and American Arts and Letters, 1865-1915 /
|c by Mark Rennella.
|
| 264 |
|
1 |
|a New York :
|b Palgrave Macmillan US :
|b Imprint: Palgrave Macmillan,
|c 2008.
|
| 300 |
|
|
|a 1 online resource (VII, 280 pages)
|
| 336 |
|
|
|a text
|b txt
|2 rdacontent
|
| 337 |
|
|
|a computer
|b c
|2 rdamedia
|
| 338 |
|
|
|a online resource
|b cr
|2 rdacarrier
|
| 347 |
|
|
|a text file
|b PDF
|2 rda
|
| 500 |
|
|
|a Electronic resource.
|
| 520 |
|
|
|a This book traces the progression of cosmopolitanism from the private experience of a group of artists and intellectuals who lived and worked in Boston between 1865 and 1915 to finished works of monumental art that shaped public space.
|
| 650 |
1 |
4 |
|a History.
|
| 650 |
2 |
4 |
|a Cultural History.
|
| 650 |
2 |
4 |
|a History of the Americas.
|
| 650 |
2 |
4 |
|a Modern History.
|
| 650 |
2 |
4 |
|a US History.
|
| 650 |
2 |
4 |
|a World History, Global and Transnational History.
|
| 650 |
|
0 |
|a Civilization
|x History.
|0 http://id.loc.gov/authorities/subjects/sh85026424
|
| 650 |
|
0 |
|a History, Modern.
|0 http://id.loc.gov/authorities/subjects/sh85061236
|
| 650 |
|
0 |
|a History.
|0 http://id.loc.gov/authorities/subjects/sh85061212
|
| 650 |
|
0 |
|a World history.
|0 http://id.loc.gov/authorities/subjects/sh85148201
|
| 651 |
|
0 |
|a America
|x History.
|0 http://id.loc.gov/authorities/subjects/sh85004263
|
| 651 |
|
0 |
|a United States
|x History.
|0 http://id.loc.gov/authorities/subjects/sh85140130
|
| 655 |
|
7 |
|a Electronic books.
|2 local
|
| 710 |
2 |
|
|a SpringerLink (Online service)
|0 http://id.loc.gov/authorities/names/no2005046756
|
| 773 |
0 |
|
|t Springer eBooks
|
| 776 |
1 |
8 |
|i Printed edition:
|z 9781349371860
|
| 856 |
4 |
0 |
|u http://proxy.library.tamu.edu/login?url=https://dx.doi.org/10.1057/9780230611214
|z Connect to the full text of this electronic book
|t 0
|
| 999 |
f |
f |
|s fdd07e44-f227-39ce-936e-fb0361dc6c2a
|i e298f58f-4bb8-3dfa-bbbc-5e0892014300
|t 0
|
| 952 |
f |
f |
|a Texas A&M University
|b College Station
|c Electronic Resources
|d Available Online
|t 0
|e F73.5 R466 2008
|h Library of Congress classification
|
| 998 |
f |
f |
|a F73.5 R466 2008
|t 0
|l Available Online
|